Методика оценки технико-экономической эффективности машин для бурения подземных скважин; Проблемы геологии и освоения недр

Detalles Bibliográficos
Parent link:Проблемы геологии и освоения недр.— 2008.— С. 640-642
Autor principal: Саруев А. Л. Алексей Львович
Otros Autores: Пашкова А. С. Анна Сергеевна (научный руководитель), Казанцев А. А. Антон Александрович, Лукьянов В. Г. Виктор Григорьевич, Саруев Л. А. Лев Алексеевич
Lenguaje:ruso
Publicado: 2008
Materias:
Formato: MixedMaterials Capítulo de libro
KOHA link:https://koha.lib.tpu.ru/cgi-bin/koha/opac-detail.pl?biblionumber=179040

MARC

LEADER 00000naa2a2200000 4500
001 179040
005 20250213121709.0
035 |a (RuTPU)RU\TPU\book\194088 
090 |a 179040 
100 |a 20100414d2008 k y0rusy50 ca 
101 0 |a rus 
102 |a RU 
200 1 |a Методика оценки технико-экономической эффективности машин для бурения подземных скважин  |f А. Л. Саруев, А. С. Пашкова, А. А. Казанцев  |g науч. рук. В. Г. Лукьянов, Л. А. Саруев 
320 |a Библиогр.: 2 назв. 
463 0 |0 (RuTPU)RU\TPU\book\164908  |y 5-89503-079-3  |t Проблемы геологии и освоения недр  |o труды XII Международного симпозиума имени академика М. А. Усова студентов и молодых ученых, посвященного 100-летию первого выпуска горных инженеров в Сибири и 90-летию создания Сибгеолкома в России  |f Томский политехнический университет (ТПУ), Институт геологии и нефтегазового дела (ИГНД)  |v С. 640-642  |d 2008 
610 1 |a буровые машины 
610 1 |a технико-экономическая эффективность 
610 1 |a подземные скважины 
610 1 |a бурение 
610 1 |a оценка 
610 1 |a труды учёных ТПУ 
700 1 |a Саруев  |b А. Л.  |c специалист в области нефтегазового дела  |c доцент Томского политехнического университета, кандидат технических наук  |f 1974-  |g Алексей Львович  |3 (RuTPU)RU\TPU\pers\26166  |9 11975 
701 1 |a Пашкова  |b А. С.  |c российский учёный в области транспорта и хранения нефти  |c ассистент Томского политехнического университета  |f 1985-  |g Анна Сергеевна  |3 (RuTPU)RU\TPU\pers\26167  |4 070 
701 1 |a Казанцев  |b А. А.  |c горный инженер  |c заведующий кафедрой Юргинского технологического института Томского политехнического университета, кандидат технических наук  |f 1981-  |g Антон Александрович  |3 (RuTPU)RU\TPU\pers\24299  |9 10764 
702 1 |a Лукьянов  |b В. Г.  |c горный инженер  |c профессор Томского политехнического университета, доктор технических наук  |f 1930-  |g Виктор Григорьевич  |4 727 
702 1 |a Саруев  |b Л. А.  |c горный инженер  |c профессор Томского политехнического университета, доктор технических наук  |f 1940-  |g Лев Алексеевич  |4 727 
801 1 |a RU  |b 63413507  |c 20100414 
801 2 |a RU  |b 63413507  |c 20160606  |g RCR 
942 |c BK